[Event "Santiago de Compostela Bicapawn GP Rap"]
[Site "Santiago de Compostela"]
[Date "2022.10.22"]
[Round "2"]
[White "Guerrero Olmos, Sergio"]
[Black "Reza Salgado, Marcos"]
[Result "1/2-1/2"]
[WhiteElo "2372"]
[BlackElo "1866"]
[PlyCount "100"]
[EventDate "2022.10.22"]
[EventType "swiss (rapid)"]
[EventRounds "9"]
[EventCountry "ESP"]
[SourceTitle "CBM 210 Extra"]
[Source "ChessBase"]
[SourceDate "2022.11.30"]
[SourceVersion "1"]
[SourceVersionDate "2022.11.30"]
[SourceQuality "1"]

1. d4 Nf6 2. Nf3 d6 3. Bf4 Nbd7 4. e3 c6 5. c4 e5 6. Bg3 Be7 7. Nc3 exd4 8. exd4 0-0 9. h3 Re8 10. Be2 d5 11. 0-0 Bf8 12. cxd5 Nxd5 13. Nxd5 cxd5 14. Rc1 Nf6 15. Ne5 Be6 16. Qb3 Qb6 17. Qxb6 axb6 18. a3 Ne4 19. Bf4 Rec8 20. Bb5 Bd6 21. f3 Nf6 22. Nd3 Bf8 23. Bc7 Bd7 24. Bxd7 Nxd7 25. Rc2 b5 26. Rfc1 Ra4 27. Ne5 Nxe5 28. dxe5 Rc4 29. Rxc4 dxc4 30. Bb6 Bc5+ 31. Bxc5 Rxc5 32. f4 Rd5 33. b3 Rd4 34. g3 Kf8 35. bxc4 bxc4 36. Kf2 b5 37. Rb1 Rd3 38. Rxb5 Rxa3 39. Rc5 Rc3 40. Rc7 h5 41. f5 h4 42. gxh4 Rc1 43. h5 c3 44. Kg2 c2 45. f6 gxf6 46. exf6 Kg8 47. h6 Re1 48. Rxc2 Re6 49. Rc8+ Kh7 50. Rc7 Rxf6 1/2-1/2

[Event "Pontevedra op-A 10th"]
[Site "Pontevedra"]
[Date "2022.07.25"]
[Round "2"]
[White "Reza Salgado, Marcos"]
[Black "Ruck, Robert"]
[Result "1-0"]
[WhiteElo "1790"]
[BlackElo "2544"]
[PlyCount "55"]
[EventDate "2022.07.24"]
[EventType "swiss"]
[EventRounds "9"]
[EventCountry "ESP"]
[SourceTitle "EXT 2023"]
[Source "ChessBase"]
[SourceDate "2022.10.05"]
[SourceVersion "1"]
[SourceVersionDate "2022.10.05"]
[SourceQuality "1"]

1. Nf3 d5 2. g3 Nf6 3. Bg2 Bg4 4. c4 e6 5. Qb3 Qc8 6. Ne5 c6 7. Nxg4 Nxg4 8. 0-0 Nd7 9. d3 Be7 10. Nd2 0-0 11. Rb1 a5 12. Qc3 b5 13. Qc2 f5 14. Nb3 Ra7 15. Nd4 bxc4 16. Nxe6 Rf6 17. Nf4 Nb6 18. dxc4 dxc4 19. h3 Ne5 20. Be3 Bd8 21. Rbd1 Raf7 22. Qc3 Qb8 23. Rxd8+ Qxd8 24. Qxe5 Nd7 25. Qd4 Qb6 26. Qxc4 Qxb2 27. Bd4 Ne5 28. Qxf7+ 1-0